Responses for Show #3564 - Thursday, February 17, 2000

2000-A College Championship final game 1.

Contestants

[<< previous game]

Greg Hodgin, a senior at Emory University from Columbia, South Carolina

Adam Center, a senior at Georgetown University from Atlanta, Georgia

Janet Wong, a senior at Drew University from Eatontown, New Jersey

[next game >>]

Jeopardy! Round responses

WOMEN IN HISTORY
HITS OF THE '90s
ON THE MAP
JANE
(Alex: The magazine.)
20th CENTURY MEDICINE
SILLY SIMILES
    $100 16
Martha Washington

Greg
    $100 11
"The Macarena"

Janet
    $100 6
Rome

Adam
    $100 1
Rushing

Adam
    $100 17
Heart

Adam
    $100 22
Bat

Adam
    $200 18
(G: Who is Florence Nightingale?)

Clara Barton

JanetGreg
    $200 12
"Scrubs"

Greg
    $200 7
South America

Greg
    $200 2
Blind date

Janet
    $200 27
(Adam: Who is Salk?)
(Greg: Who is Rabin?)
...
(Alex: The correct response is [*]. Not Rabin--Rabin is Israel.)

Dr. Albert Sabin

AdamGreg
Triple Stumper
    $200 23
Fiddle

Adam
    $300 19
"The Decameron"

Adam
    $300 13
Michael Jackson

Greg
    $300 8
Canada

Adam
    $300 3
Nail polish

Janet
    $300 28
Rh factor

Janet
    $300 24
Dead

Adam
    $400 20
Juliette Gordon Low

Adam
    $400 14
(Adam: What is unchain?)

un-break

JanetAdam
    $400 9
Haiti

Adam
    $400 4
Brendan Fraser

Adam
    $600 29
(J: What is estrogen?)

Insulin

Janet
    $400 25
(Adam: What is a bandit?)
...
(Alex: The simile is a one-armed [*]. That's really busy...)

a paper hanger

Adam
Triple Stumper
    $500 21
Hull House

Adam
    $500 15
Shawn Mullins

Adam
    $500 10
Cambodia &/or Laos

Greg
    $500 5
Do It Yourself

Triple Stumper
    $500 30
Dr. Andrew Weil

Triple Stumper
    $500 26
Screen door

Triple Stumper

Scores at the first commercial break (after clue 15):

Janet Adam Greg
$1,000 $1,400 $1,200

Scores at the end of the Jeopardy! Round:

Janet Adam Greg
$900 $2,700 $900

Double Jeopardy! Round responses

19th CENTURY AMERICA
CLASSIC TEEN CINEMA
NEW AGE STUFF
ANCIENT GREEK SALAD
COME ON, LIT HAPPY
CROSSWORD CLUES "G"
    $200 8
Thomas Edison

Janet
    $200 13
Rebel Without a Cause

Janet
    $200 24
Crystals

Janet
    $200 1
Atoms

Janet
    $200 21
"A Tale of Two Cities"

Adam
    $200 3
Garden

Triple Stumper
    $400 9
Railroads

Janet
    $400 14
(J: What is beach?)

Party

Janet
Triple Stumper
    $400 25
Drums

Adam
    $400 2
Hades

Adam
    $3,000 22
Lord of the Flies

Adam
    $400 4
Griddle

Greg
    $600 10
Harriet Beecher Stowe

Adam
    $600 15
(Alex: Sounds just like me!)

Sean Penn

Janet
    $600 26
Sandalwood

Triple Stumper
    $600 18
Peloponnesian

Janet
    $600 23
(J: What is "Heart of Darkness?")
(we have less than a minute to go...)

"Lord Jim"

Janet
Triple Stumper
    $600 5
Grays

Adam
    $800 11
(G: Who is Clay?)

Daniel Webster

Greg
Triple Stumper
    $800 16
(Alex: Not weird if you're creating Kelly LeBrock, though!)

Weird Science

Janet
    $800 27
Ashram

Janet
    $800 19
Tyrant

Greg
    $800 29
Hollow men

Triple Stumper
    $800 6
Guffaw

Greg
    $1000 12
habeas corpus

Adam
    $1000 17
Rydell High

Triple Stumper
    $1000 28
Jalaluddin Rumi

Triple Stumper
    $1000 20
Persian Empire

Janet
    $1000 30
H.P. Lovecraft

Triple Stumper
    $1000 7
Gravity

Adam

Scores at the end of the Double Jeopardy! Round:

Janet Adam Greg
$4,900 $9,900 $2,100

Final Jeopardy! Round responses

WORLD LEADERS
GregWho is Gorbachov?
$2,100
JanetWho is Gorbachev?
$1,100
AdamWho was Deng Xiaoping?
$2,100
F.W. de Klerk (of South Africa)

Final scores:

Janet Adam Greg
$3,800 $7,800 $0

Game dynamics:

Coryat scores:

Janet Adam Greg
$5,500 $7,300 $2,100
16 R
(including 1 DD),
3 W
(including 1 DD)
21 R
(including 1 DD),
3 W
8 R,
3 W

Combined Coryat: $14,900

[game clues] [game scores] [suggest correction]

Game tape date: 2000-01-16
The J! Archive is created by fans, for fans. Scraping, republication, monetization, and malicious use prohibited; this site may use cookies and collect identifying information. See terms. The Jeopardy! game show and all elements thereof, including but not limited to copyright and trademark thereto, are the property of Jeopardy Productions, Inc. and are protected under law. This website is not affiliated with, sponsored by, or operated by Jeopardy Productions, Inc. Join the discussion at JBoard.tv.